000 00252nam a22000977a 4500
008 170124b xxu||||| |||| 00| 0 eng d
041 _aeng
080 _a618.2
245 _aENCYCLOPEDIA AND DICTIONARY OF MEDICINE ANDNURSING
_cMILLER, B.F
942 _2udc
_cBK
999 _c3433
_d3433